000 00799nam a2200241 i 4500
001 bg
003 BPK
005 20190823130914.0
008 150720s1976 pl a f 001 0 pol
015 _aPB 1976/3628
040 _aWA N
_cBPK
080 _a311
245 0 0 _aMała encyklopedia statystyki /
_cpod red. Wiesława Sadowskiego.
260 _aWarszawa :
_bPaństwowe Wydawnictwo Ekonomiczne,
_c1976.
300 _a771, [1] s. :
_bil. ;
_c23 cm.
504 _aIndeks.
655 4 _aEncyklopedia
650 4 _aStatystyka
700 1 _aSadowski, Wiesław
_d(1921-2010).
_eRed.
710 2 _aPaństwowe Wydawnictwo Ekonomiczne
_4pbl.
856 _uhttp://koha.tu.koszalin.pl/cgi-bin/koha/opac-detail.pl?biblionumber=27254
_yKatalog online BPK
942 _2UKD
_cKS
999 _c27254
_d27254